000 00779nam a2200253 i 4500
001 000027095
003 DO-SdBNP
005 20230908102023.0
007 ta
008 110329s1956 dr r 000 0 spa d
040 _aDO-SdBNP
_bspa
_cBNPHU
_erda
082 4 _a231.4
_bD542d
_222
100 1 _aDíaz Marquez, Enrique
_954170
_eautor
245 1 0 _aDios es el perdón /
_cEnrique Díaz Marquez.
264 _aCiudad Trujillo, República Dominicana :
_bDel Caribe,
_c1956.
300 _a109 páginas ;
_c24 cm.
336 _2rdacontent
_atexto
_btxt
337 _2rdamedia
_asin mediación
_bnc
338 _2rdacarrier
_avolumen
_bn
590 _aInventariado, 2018/ YL
650 4 _aDios
_xMisericordia
_954171
910 _aValidado. Control de calidad MFF
942 _2ddc
_cLBS1
999 _c26587
_d26587